Fundamentos de bioquímica. La vida a nivel molecular

I tiakina i:
Ngā taipitopito rārangi puna kōrero
Ngā kaituhi matua: Voet, Donald (Author), Voet, Judith G (Author), Pratt, Charlotte W (Author)
Hōputu: Pukapuka
Reo:Pāniora
I whakaputaina: Buenos Aires, Argentina Médica Panamericana 2016
Putanga:4a. edición
Ngā marau:
Urunga tuihono:Disponible Online
Ngā Tūtohu: Tāpirihia he Tūtohu
Kāore He Tūtohu, Me noho koe te mea tuatahi ki te tūtohu i tēnei pūkete!

MARC

LEADER 00000cam a2200000 a 4500
001 UCC6421
003 CL-VaPUC
005 20210505163941.0
008 181207e20160000ag |||||||||||||||||spa|d
999 |c 373369  |d 373367 
020 |a 9786079356965 
040 |c Pontificia Universidad Católica de Valparaíso 
082 0 4 |a 572 VOE 2016  |2 21 
100 0 |a Voet, Donald  |e author  |9 600871 
245 1 0 |a Fundamentos de bioquímica.  |b La vida a nivel molecular 
250 |a 4a. edición  
260 |a Buenos Aires, Argentina   |b Médica Panamericana  |c 2016 
300 |a 1077 páginas  
505 |a ÍNDICE RESUMIDO PARTE I INTRODUCCIÓN Capítulo 1. Introducción a la química de la vida Capítulo 2. El agua PARTE II BIOMOLÉCULAS Capítulo 3. Nucleótidos, ácidos nucleicos e información genética Capítulo 4. Aminoácidos Capítulo 5. Proteínas: estructura primaria Capítulo 6. Proteínas: estructura tridimensional Capítulo 7. Función de las proteínas: mioglobina y hemoglobina, contracción muscular y anticuerpos Capítulo 8. Hidratos de carbono Capítulo 9. Lípidos y membranas biológicas Capítulo 10. Transporte a través de membranas PARTE III ENZIMAS Capítulo 11. Catálisis enzimática Capítulo 12. Cinética enzimática, inhibición y control Capítulo 13. Señalización bioquímica PARTE IV METABOLISMO Capítulo 14. Introducción al metabolismo Capítulo 15. Catabolismo de la glucosa Capítulo 16. Metabolismo del glucógeno y gluconeogénesis Capítulo 17. Ciclo del ácido cítrico Capítulo 18. Transporte de electrones y fosforilación oxidativa Capítulo 19. Fotosíntesis Capítulo 20. Metabolismo de los lípidos Capítulo 21. Metabolismo de los aminoácidos Capítulo 22. Metabolismo energético en los mamíferos: integración y regulación PARTE V EXPRESIÓN GÉNICA Y REPLICACIÓN Capítulo 23. Metabolismo de los nucleótidos Capítulo 24. Estructura de los ácidos nucleicos Capítulo 25. Replicación, reparación y recombinación del DNA Capítulo 26. Transcripción y procesamiento del RNA Capítulo 27. Síntesis de proteínas Capítulo 28. Regulación de la expresión génica Respuestas a los problemas RP-1 Glosario G-1 Índice analítico I-1 
583 |a last modification  |c 20181207 13:37:00  |k Rodrigo Vera 
650 0 |a Bioquímica   |9 259492 
650 0 |a Metabolismo  |9 259893 
650 0 |a Genética  |9 259443 
700 0 |a Voet, Judith G  |e author  |9 600872 
700 0 |a Pratt, Charlotte W  |e author  |9 600873 
856 |u http://bibliografiadigital.pucv.cl.pucv.idm.oclc.org/index.php/bibliotecapucv/catalog/book/354  |y Disponible Online 
942 |c BK  |2 ddc 
945 |d 20181207 13:37:00  |a dcastane 
952 |0 0  |1 0  |2 ddc  |3 erb  |4 0  |6 572_000000000000000_VOE_2016  |7 0  |8 A  |9 491459  |a BIBING  |b BIBING  |c RES  |i 5522579  |l 2  |m 1  |o 572 VOE 2016  |p 5522579  |r 2025-01-20  |s 2024-09-16  |w 2019-11-24  |y BK  |z Catalogado en:20181207  |k EIB 
952 |0 0  |1 0  |2 ddc  |3 erb  |4 0  |6 572_000000000000000_VOE_2016  |7 0  |8 A  |9 491461  |a BIBING  |b BIBING  |c RES  |i 5522552  |o 572 VOE 2016  |p 5522552  |r 2025-01-20  |w 2019-11-24  |y BK  |z Catalogado en:20181207  |k EIB